| 000 | 00342nam a2200109 4500 | ||
|---|---|---|---|
| 999 |
_c13175 _d13175 |
||
| 008 | 190211b ||||| |||| 00| 0 eng d | ||
| 245 | _aExperts, mothers highlight women's journey in ADHD, Alzheimer's and epilepsy. | ||
| 260 |
_aPhilippines _bThe Philippine Star _cc2017 |
||
| 300 | _apage B10. | ||
| 650 | 0 |
_936855 _aDiseases. |
|
| 942 |
_2ddc _cPER |
||